Forme du drapeau des territoires contestés - Statistiques

Statistiques générales
  • Ce quiz a été pris 117 fois
  • Le résultat moyen est 9 sur 14
Statistiques - réponses
Par images Réponse % Correct
Kosovo
99%
Taïwan
94%
Palestine
83%
Sahara occidental
79%
Chypre du Nord
75%
Crimée
65%
Ossétie du Sud
64%
Transnistrie
64%
Abkhazie
61%
Somaliland
60%
Artsakh
43%
les îles Falkland
40%
Darfour
25%
Jammu-et-Cachemire
20%
Aucun quiz correspondant
Distribution des résultats
% des personnes avec chaque résultat
Percentile par nombre de réponses
Votre historique - résultats
Vous n’avez pas pris ce quiz